|
|
|
|
| LEADER |
00000nam0a2200000 4500 |
| 001 |
312524 |
| 005 |
20231102002508.0 |
| 020 |
|
|
|a RU
|b 82-11417
|
| 035 |
|
|
|a (RuTPU)RU\TPU\book\337893
|
| 090 |
|
|
|a 312524
|
| 100 |
|
|
|a 20151223d1982 km y0rusy5003 ca
|
| 101 |
0 |
|
|a rus
|
| 102 |
|
|
|a RU
|
| 105 |
|
|
|a a z 001zy
|
| 200 |
1 |
|
|a Реакция гидросилилирования олефинов. Металлокомплексный катализ в процессах гидросилилирования, стереохимия и механизм реакций
|f В. П. Юрьев, И. М. Салимгареева
|g Академия наук СССР (АН СССР), Башкирский филиал, Институт химии
|
| 210 |
|
|
|a Москва
|c Наука
|d 1982
|
| 215 |
|
|
|a 224 с.
|c ил.
|
| 320 |
|
|
|a Библиогр. в конце гл.
|
| 606 |
1 |
|
|a Олефины
|x Химия
|2 stltpush
|3 (RuTPU)RU\TPU\subj\76036
|9 87497
|
| 610 |
1 |
|
|a гидросилилирование
|
| 610 |
1 |
|
|a катализ
|
| 610 |
1 |
|
|a стереохимия
|
| 610 |
1 |
|
|a гидросиланы
|
| 610 |
1 |
|
|a переходные металлы
|
| 610 |
1 |
|
|a продукты присоединения
|
| 610 |
1 |
|
|a силаны
|
| 610 |
1 |
|
|a использование
|
| 610 |
1 |
|
|a народное хозяйство
|
| 675 |
|
|
|a 547.313
|v 3
|
| 700 |
|
1 |
|a Юрьев
|b В. П.
|g Валерий Петрович
|4 070
|
| 701 |
|
1 |
|a Салимгареева
|b И. М.
|g Ирина Мухаметовна
|4 070
|
| 712 |
0 |
2 |
|a Академия наук СССР (АН СССР)
|b Башкирский филиал
|b Институт химии
|c (Уфа)
|2 stltpush
|3 (RuTPU)RU\TPU\col\12632
|
| 801 |
|
0 |
|a RU
|b RuMRKP
|c 19950704
|g psbo
|
| 801 |
|
1 |
|a RU
|b 63413507
|c 20151223
|
| 801 |
|
2 |
|a RU
|b 63413507
|c 20191002
|g RCR
|
| 942 |
|
|
|c BK
|